[Event "28th Czech Open A 2017"]
[Site "Pardubice CZE"]
[Date "2017.07.28"]
[Round "8.53"]
[White "Krapivin, Vladislav"]
[Black "Kozak, Adam"]
[Result "0-1"]
[WhiteTitle "IM"]
[BlackTitle "IM"]
[WhiteElo "2327"]
[BlackElo "2414"]
[WhiteFideId "4126149"]
[BlackFideId "753246"]
[EventDate "2017.07.21"]

1. e4 e5 2. Nc3 Nf6 3. Nf3 Nc6 4. Bb5 Bc5 5. O-O O-O 6. Nxe5 Nxe5 7. d4 Bd6 8.
f4 Neg4 9. e5 Bb4 10. exf6 Nxf6 11. Bd3 d5 12. f5 Be7 13. Qf3 c6 14. Kh1 Qb6 15.
Ne2 h6 16. c3 Re8 17. Nf4 Bd7 18. Rb1 a5 19. Nh5 Nxh5 20. Qxh5 Bf6 21. h4 Qd8
22. g3 b6 23. Bd2 c5 24. Rf4 Qe7 25. Re1 Qf8 26. Rg1 Qe7 27. Re1 Qf8 28. Rg1 Qe7
29. Rg2 cxd4 30. cxd4 Qd6 31. g4 Re1+ 32. Bf1 Rd1 33. Rf3 Bb5 34. Bf4 Qe7 35. g5
Bxf1 36. Rxf1 Rxf1+ 37. Kh2 Rxf4 0-1

[Event "28th Czech Open A 2017"]
[Site "Pardubice CZE"]
[Date "2017.07.28"]
[Round "8.55"]
[White "Bruedigam, Martin"]
[Black "Zhurov, Sergey"]
[Result "1/2-1/2"]
[WhiteTitle "FM"]
[WhiteElo "2410"]
[BlackElo "2297"]
[WhiteFideId "24608033"]
[BlackFideId "4105788"]
[EventDate "2017.07.21"]

1. e4 e5 2. Nf3 Nc6 3. Bc4 Nf6 4. d3 Bc5 5. c3 d6 6. Bb3 a6 7. Bg5 h6 8. Bh4 g5
9. Bg3 Bg4 10. h3 Bh5 11. Nbd2 Qd7 12. Qe2 Ba7 13. Bh2 O-O-O 14. O-O-O Rhe8 15.
g4 Bg6 16. Nc4 Kb8 17. Rhe1 Qe7 18. Qf1 h5 19. Qg2 hxg4 20. hxg4 Rh8 21. Bg1 Nd7
22. Ne3 Bxe3+ 23. Rxe3 Qf6 24. Bh2 Nc5 25. Bc2 Ne6 26. Nd2 Rh4 27. Bg3 Nf4 28.
Qf3 Rh3 29. Kb1 d5 30. exd5 Rxd5 31. Ne4 Qd8 32. Nxg5 Qxg5 33. Bxf4 Rxf3 34.
Bxg5 Rxf2 35. Rh3 b6 36. Be3 Rg2 37. Rg1 Rxg1+ 38. Bxg1 Nd8 39. Re3 Kc8 40. Bh2
f6 41. Rf3 Rd6 42. d4 Bxc2+ 43. Kxc2 Nf7 44. Rf5 Nh6 45. dxe5 Nxf5 46. exd6 Ne3+
47. Kd3 Nxg4 48. Bg1 Ne5+ 49. Ke4 Nc4 50. dxc7 Nxb2 51. Bxb6 Na4 52. Ba5 Nxc3+
53. Bxc3 Kxc7 54. Bxf6 a5 55. Kd5 a4 56. Kc5 a3 57. Kb5 Kb7 58. Be5 Ka7 59. Kc6
Ka8 60. Kc7 Ka7 61. Kc8 Ka8 62. Bb8 1/2-1/2

[Event "28th Czech Open A 2017"]
[Site "Pardubice CZE"]
[Date "2017.07.28"]
[Round "8.56"]
[White "Holtman, Teodor"]
[Black "Tomazini, Zan"]
[Result "0-1"]
[WhiteTitle "FM"]
[BlackTitle "IM"]
[WhiteElo "2306"]
[BlackElo "2405"]
[WhiteFideId "14933721"]
[BlackFideId "14608162"]
[EventDate "2017.07.21"]

1. e4 c5 2. Nf3 d6 3. Nc3 Nf6 4. d4 cxd4 5. Nxd4 g6 6. Be3 a6 7. f3 b5 8. Qd2
Bb7 9. O-O-O Nbd7 10. g4 h6 11. h4 b4 12. Nce2 e5 13. Nb3 d5 14. h5 gxh5 15.
exd5 Bxd5 16. Rg1 Bxf3 17. gxh5 Qc7 18. Bg2 Bxg2 19. Rxg2 a5 20. Nf4 Qc6 21. Re2
a4 22. Nd4 Qc4 23. Kb1 O-O-O 24. b3 Qa6 25. Nf5 Ne4 26. Qd3 Nc3+ 27. Ka1 Qxd3
28. Rxd3 exf4 29. Bd4 Nxe2 30. Bxh8 a3 31. c3 bxc3 32. Bxc3 Nxc3 33. Rxc3+ Nc5 0-1

[Event "28th Czech Open A 2017"]
[Site "Pardubice CZE"]
[Date "2017.07.28"]
[Round "8.57"]
[White "Cuhendi, Sean Winshand"]
[Black "Rahul, Srivatshav P"]
[Result "1/2-1/2"]
[WhiteTitle "IM"]
[WhiteElo "2398"]
[BlackElo "2295"]
[WhiteFideId "7101554"]
[BlackFideId "25059653"]
[EventDate "2017.07.21"]

1. e4 c5 2. Nf3 e6 3. d4 cxd4 4. Nxd4 Nc6 5. Nb5 d6 6. c4 Nf6 7. N1c3 a6 8. Na3
Be7 9. Be2 O-O 10. Be3 b6 11. O-O Bb7 12. Qb3 Nd7 13. Qc2 Rc8 14. Rac1 Nc5 15.
Qd2 Nb4 16. Nc2 Nxc2 17. Qxc2 Bg5 18. f4 Bf6 19. b4 Bxc3 20. bxc5 Ba5 21. cxd6
Qxd6 22. e5 Qc7 23. Bd3 g6 24. Qf2 Rfd8 25. Rfd1 Rd7 26. Bf1 Rcd8 27. Rxd7 Rxd7
28. Rb1 Be4 29. Bxb6 Bxb6 30. Rxb6 Rd1 31. Rd6 Rxd6 32. exd6 Qxd6 33. c5 Qd1 34.
Qe2 1/2-1/2

[Event "28th Czech Open A 2017"]
[Site "Pardubice CZE"]
[Date "2017.07.28"]
[Round "8.58"]
[White "Domogaev, Sergey"]
[Black "Nitish, Belurkar"]
[Result "1-0"]
[WhiteTitle "GM"]
[BlackTitle "FM"]
[WhiteElo "2395"]
[BlackElo "2283"]
[WhiteFideId "24103608"]
[BlackFideId "5084768"]
[EventDate "2017.07.21"]

1. d4 d5 2. Bf4 Nf6 3. e3 c6 4. Nf3 Bg4 5. c4 Bxf3 6. gxf3 Nbd7 7. Nc3 e6 8. e4
dxc4 9. Bxc4 Nb6 10. Bb3 Nh5 11. Be3 Qf6 12. Rg1 O-O-O 13. Qd2 Qxf3 14. e5 g6
15. Bd1 Qh3 16. Be2 f5 17. exf6 Nxf6 18. Bg5 Nbd5 19. O-O-O Nxc3 20. bxc3 Be7
21. Rg3 Qf5 22. Bd3 Ne4 23. Bxe7 Nxd2 24. Bxf5 exf5 25. Bxd8 Ne4 26. Bg5 h6 27.
Bf4 Nxg3 28. fxg3 1-0

[Event "28th Czech Open A 2017"]
[Site "Pardubice CZE"]
[Date "2017.07.28"]
[Round "8.59"]
[White "Janzelj, Tim"]
[Black "Granovskiy, Alexandr"]
[Result "1-0"]
[BlackTitle "IM"]
[WhiteElo "2391"]
[BlackElo "2282"]
[WhiteFideId "14607913"]
[BlackFideId "13700243"]
[EventDate "2017.07.21"]

1. e4 e5 2. Nf3 Nc6 3. Bc4 Bc5 4. c3 Nf6 5. d3 a6 6. Bb3 Ba7 7. h3 d6 8. Qe2 Be6
9. Bc2 O-O 10. Bg5 h6 11. Bh4 g5 12. Nxg5 hxg5 13. Bxg5 Kg7 14. Qf3 Kg6 15. h4
Rh8 16. Nd2 Bg4 17. Qg3 Qc8 18. f3 Nh5 19. Qxg4 f6 20. Bb3 Qxg4 21. fxg4 Ng7 22.
Bxf6 Kxf6 23. Rf1+ Kg6 24. Bf7+ Kh7 25. Nf3 Be3 26. Ke2 Nd8 27. Bb3 Bh6 28. g5
Nh5 29. gxh6 Ng3+ 30. Ke3 Nxf1+ 31. Rxf1 Kxh6 32. g4 Rf8 33. g5+ Kh5 34. Bd1 Ne6
35. Nd4+ 1-0

[Event "28th Czech Open A 2017"]
[Site "Pardubice CZE"]
[Date "2017.07.28"]
[Round "8.60"]
[White "Goluch, Piotr"]
[Black "Saiyn, Zhanat"]
[Result "1/2-1/2"]
[WhiteTitle "FM"]
[BlackTitle "IM"]
[WhiteElo "2288"]
[BlackElo "2390"]
[WhiteFideId "1137840"]
[BlackFideId "13703820"]
[EventDate "2017.07.21"]

1. d4 Nf6 2. c4 e6 3. Nf3 d5 4. g3 Bb4+ 5. Bd2 Be7 6. Bg2 O-O 7. O-O c6 8. Qc2
b6 9. Bf4 Bb7 10. Rd1 Nbd7 11. Ne5 Qc8 12. Nc3 Nxe5 13. dxe5 Nd7 14. Rac1 g5 15.
Be3 Nxe5 16. cxd5 cxd5 17. Qb3 Qd7 18. Bd4 Nc6 19. e4 Nxd4 20. Rxd4 Bf6 21. Rdd1
d4 22. Nb5 a6 23. Rc7 Qxb5 24. Qf3 1/2-1/2

[Event "28th Czech Open A 2017"]
[Site "Pardubice CZE"]
[Date "2017.07.28"]
[Round "8.61"]
[White "Rakesh, Kumar Jena"]
[Black "Konguvel, Ponnuswamy"]
[Result "1-0"]
[WhiteTitle "FM"]
[BlackTitle "IM"]
[WhiteElo "2283"]
[BlackElo "2388"]
[WhiteFideId "5084822"]
[BlackFideId "5000548"]
[EventDate "2017.07.21"]

1. e4 c5 2. Nf3 e6 3. g3 Nc6 4. Bg2 Nf6 5. Nc3 Be7 6. O-O d6 7. d4 cxd4 8. Nxd4
Bd7 9. Be3 O-O 10. f4 Nxd4 11. Bxd4 Bc6 12. Qe2 Re8 13. Rad1 Qc7 14. f5 Bd8 15.
g4 Nd7 16. Qf2 Ne5 17. Qg3 h6 18. Kh1 Bf6 19. b3 Qe7 20. Ne2 Bh4 21. Qh3 Nd7 22.
fxe6 fxe6 23. Nf4 Nf8 24. e5 dxe5 25. Bxc6 bxc6 26. Bxe5 Rad8 27. Nh5 Rxd1 28.
Rxd1 g6 29. Bd6 Qd8 30. Ng7 Bg5 31. Nxe8 Qxe8 32. Qf3 Nh7 33. Be5 Be7 34. Qd3
Ng5 35. h4 Nh7 36. Kg2 Nf8 37. Bb2 Bxh4 38. Qc3 1-0

[Event "28th Czech Open A 2017"]
[Site "Pardubice CZE"]
[Date "2017.07.28"]
[Round "8.62"]
[White "Reuker, Jari"]
[Black "Sindarov, Javokhir"]
[Result "1/2-1/2"]
[BlackTitle "CM"]
[WhiteElo "2275"]
[BlackElo "2383"]
[WhiteFideId "12909300"]
[BlackFideId "14205483"]
[EventDate "2017.07.21"]

1. e4 d6 2. d4 Nf6 3. Nc3 e5 4. dxe5 dxe5 5. Qxd8+ Kxd8 6. Bg5 Be6 7. g3 Nd7 8.
f4 h6 9. Bxf6+ Nxf6 10. O-O-O+ Kc8 11. Nf3 exf4 12. gxf4 Bg4 13. Be2 Bc5 14. Rd3
Be6 15. Ne5 Bd6 16. Rg3 g5 17. Nd3 gxf4 18. Rf3 Ng4 19. Nb5 Ne5 20. Nxd6+ cxd6
21. Rxf4 Kd7 22. Rg1 Ke7 23. Rh4 Nxd3+ 24. Bxd3 Rac8 25. Kd2 Rc5 26. Ke3 Re5 27.
Kd4 h5 28. a3 Rc8 29. c3 Bg4 30. h3 Be6 31. Be2 Rh8 32. Bc4 Bxc4 33. Kxc4 Rc8+
34. Kd4 b5 35. Rf4 Rc7 36. Rgf1 Ke8 37. Kd3 Rce7 38. Rf5 Rxe4 39. Rxh5 Re3+ 40.
Kc2 Re2+ 41. Kb3 R2e5 42. Rh6 Rd5 43. Rff6 Rd7 44. Rh4 a5 45. Rhf4 Rd2 46. Rf2
Rd3 47. Rh6 Re3 48. Rd2 Ke7 49. Rh5 Rb7 50. Rd4 Re5 51. Rh6 Rd7 52. h4 Rd8 53.
Rf4 f5 54. Rh7+ Kf6 55. Rb7 a4+ 56. Kc2 Re2+ 57. Kc1 Rg8 58. Rf1 Re5 59. Rd1 Ke6
60. Rh7 f4 61. Rh6+ Kf5 62. Rdxd6 Rg1+ 63. Kd2 Rg2+ 64. Kd3 Re3+ 65. Kd4 Rd2+
66. Kc5 Rxd6 67. Rxd6 f3 68. Rd1 Re5+ 69. Kb4 Kf4 70. c4 bxc4 71. Kxa4 f2 72.
Rf1 Kf3 73. Kb4 Re4 74. a4 c3+ 75. Kxc3 Rxa4 76. b4 Ke2 77. Rb1 f1=Q 78. Rxf1
Kxf1 79. Kc4 Ke2 80. Kc5 Kd3 81. b5 Rc4+ 82. Kd6 Rb4 83. Kc5 Rxh4 84. b6 Rh7 85.
Kc6 Kc4 86. b7 Rh8 87. Kc7 Rh7+ 88. Kc8 Rh8+ 89. Kc7 Kc5 90. b8=Q Rxb8 91. Kxb8 1/2-1/2

[Event "28th Czech Open A 2017"]
[Site "Pardubice CZE"]
[Date "2017.07.28"]
[Round "8.63"]
[White "Kulon, Klaudia"]
[Black "Haring, Viktor"]
[Result "0-1"]
[WhiteTitle "WGM"]
[BlackTitle "FM"]
[WhiteElo "2380"]
[BlackElo "2241"]
[WhiteFideId "1131044"]
[BlackFideId "14919400"]
[EventDate "2017.07.21"]

1. c4 e5 2. g3 Nf6 3. Bg2 d5 4. cxd5 Nxd5 5. Nc3 Nb6 6. Nf3 Nc6 7. a3 Be7 8. b4
Be6 9. O-O O-O 10. d3 a5 11. bxa5 Rxa5 12. a4 Nd4 13. Nd2 Qd7 14. Bb2 Bb4 15. e3
Bg4 16. f3 Be6 17. f4 Nf5 18. Qe2 Nxe3 19. Nde4 Nxg2 20. fxe5 Bh3 21. Rf2 Bg4
22. Qd2 Nxa4 23. Rxa4 Rxa4 24. Qg5 h6 25. Nf6+ Kh8 26. Qc1 Qc6 27. Nxa4 Qxc1+
28. Bxc1 gxf6 29. Kxg2 fxe5 30. Bxh6 Ra8 31. Nb2 Ra2 32. h3 Be6 33. g4 Bd5+ 34.
Kh2 Ra1 35. Re2 Rh1+ 36. Kg3 Be1+ 0-1

[Event "28th Czech Open A 2017"]
[Site "Pardubice CZE"]
[Date "2017.07.28"]
[Round "8.64"]
[White "Raja, Harshit"]
[Black "Varitski, Igor"]
[Result "1-0"]
[BlackTitle "IM"]
[WhiteElo "2377"]
[BlackElo "2226"]
[WhiteFideId "5089000"]
[BlackFideId "14102862"]
[EventDate "2017.07.21"]

1. d4 f5 2. Bg5 c6 3. e3 Qb6 4. Bd3 e6 5. Nd2 d5 6. Nh3 Nd7 7. Nf4 Ndf6 8. Rb1
Bd7 9. c4 g6 10. Ne2 Bg7 11. c5 Qd8 12. b4 Nh6 13. Bf4 Nf7 14. b5 Nh5 15. bxc6
Bxc6 16. Bb5 g5 17. Bg3 O-O 18. O-O Qf6 19. Bxc6 bxc6 20. f4 Nxg3 21. hxg3 Qe7
22. Qa4 Qc7 23. Qa6 Rab8 24. Nb3 gxf4 25. gxf4 Qc8 26. Qxc8 Rfxc8 27. Na5 Nd8
28. Kf2 Kf8 29. Kf3 Bf6 30. Rh1 Kg7 31. Nc3 Kg6 32. a4 Rxb1 33. Rxb1 h5 34. g3
h4 35. gxh4 Bxh4 36. Na2 Bf6 37. Nb4 Rc7 38. Rg1+ Kf7 39. Na6 Rd7 40. Rb1 Kg6
41. Rb8 Rh7 42. Nb4 Rc7 43. Ra8 Kf7 44. Na6 Rd7 45. Rc8 Bh4 46. Nb8 Be1 47. Nxd7 1-0

[Event "28th Czech Open A 2017"]
[Site "Pardubice CZE"]
[Date "2017.07.28"]
[Round "8.65"]
[White "Yagupov, Igor"]
[Black "Bekturov, Tamerlan"]
[Result "1-0"]
[WhiteTitle "GM"]
[WhiteElo "2372"]
[BlackElo "2223"]
[WhiteFideId "4113632"]
[BlackFideId "13710184"]
[EventDate "2017.07.21"]

1. e4 c6 2. d4 d5 3. e5 c5 4. dxc5 Nc6 5. Nf3 Bg4 6. c3 e6 7. Be3 Nge7 8. Nbd2
Nf5 9. Bd4 Qa5 10. Qb3 O-O-O 11. Qb5 Qc7 12. Bd3 f6 13. Bxf5 Bxf5 14. Qe2 fxe5
15. Nxe5 Bxc5 16. Nxc6 Qxc6 17. Nb3 Bd6 18. O-O Qc7 19. h3 Qf7 20. Be5 Qg6 21.
Bxd6 Rxd6 22. Qe3 Re8 23. Kh2 b6 24. Qe5 Kd7 25. Nd4 Bd3 26. Rfe1 Rf8 27. Re3
Rxf2 28. Rg3 Qf6 29. Qxf6 gxf6 30. Rxd3 Rxb2 31. Rg3 e5 32. Rg7+ Kc8 33. Nf5 Rd7
34. Rg8+ Kc7 35. Rf8 Rc2 36. Rxf6 d4 37. cxd4 exd4 38. a4 d3 39. Rd1 Ra2 40.
Rc1+ Rc2 41. Rd1 Ra2 42. Ng3 Rxa4 43. Rf3 Rad4 44. Rd2 a5 45. Nh1 a4 46. Nf2 a3
47. Ra2 Rc4 48. Rxa3 d2 49. Ra7+ Kc6 50. Rxd7 1-0

[Event "28th Czech Open A 2017"]
[Site "Pardubice CZE"]
[Date "2017.07.28"]
[Round "8.66"]
[White "Sabol, Marian"]
[Black "Pein, Jonathan"]
[Result "1/2-1/2"]
[WhiteTitle "FM"]
[WhiteElo "2354"]
[BlackElo "2223"]
[WhiteFideId "308056"]
[BlackFideId "417092"]
[EventDate "2017.07.21"]

1. d4 Nf6 2. Bg5 d5 3. Nc3 Nbd7 4. f3 h6 5. Bh4 c5 6. Bxf6 Nxf6 7. e4 dxe4 8.
dxc5 e6 9. Qxd8+ Kxd8 10. O-O-O+ Bd7 11. Nxe4 Nxe4 12. fxe4 Kc7 13. b4 a5 14. a3
axb4 15. axb4 Ra1+ 16. Kd2 Rxd1+ 17. Kxd1 Bc6 18. Bd3 f5 19. Ne2 fxe4 20. Bc4 e5
21. Nc3 Be7 22. Ke2 Rd8 23. b5 Be8 24. Nd5+ Kd7 25. c6+ bxc6 26. bxc6+ Kd6 27.
c7 Rc8 28. Ra1 Bb5 1/2-1/2

[Event "28th Czech Open A 2017"]
[Site "Pardubice CZE"]
[Date "2017.07.28"]
[Round "8.67"]
[White "Chekletsov, Ilya"]
[Black "Jeet, Jain"]
[Result "1-0"]
[WhiteTitle "FM"]
[WhiteElo "2350"]
[BlackElo "2191"]
[WhiteFideId "24177156"]
[BlackFideId "5073022"]
[EventDate "2017.07.21"]

1. d4 d5 2. c4 e6 3. Nf3 Nf6 4. g3 dxc4 5. Bg2 c5 6. O-O Nc6 7. dxc5 Qxd1 8.
Rxd1 Bxc5 9. Nbd2 c3 10. bxc3 O-O 11. Ne1 Rd8 12. Nd3 Be7 13. Rb1 Nd5 14. Bb2
Nb6 15. Ba1 Bd7 16. c4 Rab8 17. c5 Nd5 18. Nc4 Be8 19. Rb3 Ndb4 20. Bxc6 bxc6
21. Be5 Rb5 22. a4 Rxc5 23. Bd6 Rxd6 24. Nxd6 Bxd6 25. Nxb4 Be5 26. Rd8 Kf8 27.
Nd3 Ra5 28. Nxe5 Ke7 29. Rbb8 Rxe5 30. Rxe8+ 1-0

[Event "28th Czech Open A 2017"]
[Site "Pardubice CZE"]
[Date "2017.07.28"]
[Round "8.68"]
[White "Sochacki, Wojtek"]
[Black "Barthel, Ansgar"]
[Result "1-0"]
[WhiteTitle "FM"]
[WhiteElo "2350"]
[BlackElo "2164"]
[WhiteFideId "651389"]
[BlackFideId "4643461"]
[EventDate "2017.07.21"]

1. e4 Nf6 2. Nc3 d5 3. e5 d4 4. Nce2 Nh5 5. Nf3 Nc6 6. Nexd4 Nxd4 7. Nxd4 Qxd4
8. Qxh5 g6 9. c3 gxh5 10. cxd4 Be6 11. b3 O-O-O 12. Bb2 Rg8 13. g3 Bd5 14. Rg1
Bh6 15. Bc3 f5 16. Be2 h4 17. Bc4 Rg6 18. Bxd5 Rxd5 19. Ke2 h3 20. f3 Rd8 21. g4
Rdg8 22. Rg3 fxg4 23. fxg4 Rxg4 24. Rxh3 Rg2+ 25. Kd3 R8g6 26. Rf1 Bg5 27. Rxh7
Rh6 28. Rxh6 Bxh6 29. Rf7 Kd7 30. Bb4 Bg5 31. Rg7 c5 32. dxc5 Kc6 33. Kc4 e6 34.
h4 Rg4+ 35. d4 1-0

[Event "28th Czech Open A 2017"]
[Site "Pardubice CZE"]
[Date "2017.07.28"]
[Round "8.69"]
[White "Manafov, Vugar"]
[Black "Tate, Alan"]
[Result "0-1"]
[BlackTitle "FM"]
[WhiteElo "2165"]
[BlackElo "2350"]
[WhiteFideId "13410814"]
[BlackFideId "2401878"]
[EventDate "2017.07.21"]

1. d4 d5 2. c4 e6 3. Nc3 c6 4. e3 Bd6 5. Nf3 f5 6. Ne5 Nf6 7. f4 O-O 8. Be2 b6
9. O-O Bb7 10. cxd5 cxd5 11. Bd2 a6 12. Be1 b5 13. a3 Nbd7 14. Bh4 Qb6 15. Qd3
Rac8 16. a4 b4 17. a5 Qc7 18. Na4 Bxe5 19. fxe5 Ne4 20. Be7 Nxe5 21. dxe5 Qxe7
22. Nb6 Rc7 23. Rfc1 Nc5 24. Qd1 Qg5 25. Kh1 Qxe3 26. Qe1 Qxe5 27. Qxb4 Qxe2 28.
Rxc5 d4 29. Rg1 Rxc5 30. Qxc5 d3 31. Qc1 f4 32. Nd7 f3 33. h3 f2 34. Rf1 d2 0-1

[Event "28th Czech Open A 2017"]
[Site "Pardubice CZE"]
[Date "2017.07.28"]
[Round "8.70"]
[White "Barrish, Daniel"]
[Black "Teske, Henrik"]
[Result "0-1"]
[WhiteTitle "FM"]
[BlackTitle "GM"]
[WhiteElo "2249"]
[BlackElo "2486"]
[WhiteFideId "14304600"]
[BlackFideId "4611500"]
[EventDate "2017.07.21"]

1. d4 Nf6 2. Bf4 c5 3. d5 b5 4. c4 g6 5. cxb5 a6 6. Be5 axb5 7. e4 Ba6 8. a4 b4
9. Bxf6 exf6 10. Bxa6 Rxa6 11. Nd2 Bg7 12. Qc2 O-O 13. Ngf3 f5 14. exf5 Re8+ 15.
Kf1 d6 16. fxg6 hxg6 17. h4 Qf6 18. Nc4 Nd7 19. h5 Nb6 20. h6 Bf8 21. Nxb6 Rxb6
22. Rc1 b3 23. Qc3 Be7 24. h7+ Kh8 25. Ng5 Rf8 26. f4 Rb4 27. g3 Rxa4 28. Qxb3
Rxf4+ 29. gxf4 Qxf4+ 30. Kg2 Qxg5+ 31. Kf3 Bf6 32. Rce1 Bd4 33. Re4 f5 34. Reh4
Re8 35. Rxd4 cxd4 36. Kf2 Qd2+ 0-1

[Event "28th Czech Open A 2017"]
[Site "Pardubice CZE"]
[Date "2017.07.28"]
[Round "8.71"]
[White "Krylov, Mikhail RUS"]
[Black "Kozusek, Daniel"]
[Result "1-0"]
[WhiteTitle "GM"]
[WhiteElo "2485"]
[BlackElo "2265"]
[WhiteFideId "4151364"]
[BlackFideId "349500"]
[EventDate "2017.07.21"]

1. c4 e6 2. Nf3 Nf6 3. g3 d5 4. b3 d4 5. Bg2 Nc6 6. O-O Bc5 7. e3 O-O 8. Bb2 e5
9. exd4 Nxd4 10. Nxd4 Bxd4 11. Nc3 Bg4 12. Qc2 Qd7 13. Nd5 Nxd5 14. cxd5 Bf5 15.
Qc1 Bxb2 16. Qxb2 e4 17. Rac1 Rac8 18. Qd4 Rfd8 19. Qxa7 Qxd5 20. Rc5 Qd4 21.
Rfc1 Qxd2 22. Qxb7 e3 23. fxe3 Qxe3+ 24. Kh1 Qxc5 25. Rxc5 Rd1+ 26. Bf1 Bh3 27.
Qxc8+ Bxc8 28. Kg2 Rd2+ 29. Kg1 Rxa2 30. Rd5 1-0

[Event "28th Czech Open A 2017"]
[Site "Pardubice CZE"]
[Date "2017.07.28"]
[Round "8.72"]
[White "Jurek, Josef"]
[Black "Glek, Igor"]
[Result "1/2-1/2"]
[WhiteTitle "IM"]
[BlackTitle "GM"]
[WhiteElo "2263"]
[BlackElo "2430"]
[WhiteFideId "300993"]
[BlackFideId "4100484"]
[EventDate "2017.07.21"]

1. Nf3 f5 2. g3 Nf6 3. Bg2 d6 4. d4 e6 5. O-O Be7 6. c4 O-O 7. b3 a5 8. Nc3 c6
9. Qc2 d5 10. Bf4 Nh5 11. Bxb8 Rxb8 12. e3 Nf6 13. Ne2 Bd6 14. Nc1 Qe7 15. Nd3
Bd7 16. Nfe5 Rfc8 17. c5 Bc7 18. a3 Be8 19. Rfe1 b5 1/2-1/2

[Event "28th Czech Open A 2017"]
[Site "Pardubice CZE"]
[Date "2017.07.28"]
[Round "8.73"]
[White "Shailesh, Dravid"]
[Black "Manik, Mikulas"]
[Result "0-1"]
[BlackTitle "GM"]
[WhiteElo "2260"]
[BlackElo "2407"]
[WhiteFideId "25017969"]
[BlackFideId "14900734"]
[EventDate "2017.07.21"]

1. d4 Nf6 2. Bg5 Ne4 3. Bf4 c5 4. d5 Qb6 5. Nd2 Nf6 6. c4 Qxb2 7. e4 d6 8. Ngf3
g6 9. Rb1 Qa3 10. Rb3 Qa5 11. Bd3 Bg7 12. h4 Nbd7 13. Qe2 Qxa2 14. Bb1 Qa5 15.
h5 Ng4 16. Ng5 Nde5 17. hxg6 hxg6 18. Rxh8+ Bxh8 19. Bg3 b5 20. Rxb5 Qc3 21. Rb3
Qc1+ 22. Qd1 Qxd1+ 23. Kxd1 a5 24. f3 Nf6 25. f4 Neg4 26. e5 Nh5 27. exd6 a4 28.
Rf3 Nxg3 29. Rxg3 exd6 30. Nde4 Ra6 31. Nc3 Bxc3 32. Rxc3 a3 33. Ba2 Bf5 34. Nf3
Kf8 35. Nd2 Kg7 36. g3 Ra8 37. Ke2 Re8+ 38. Kf3 Rh8 39. Nf1 Rh1 40. Ne3 Nxe3 41.
Kxe3 Re1+ 42. Kd2 Ra1 43. Rxa3 Bb1 44. Kc3 Rxa2 0-1

[Event "28th Czech Open A 2017"]
[Site "Pardubice CZE"]
[Date "2017.07.28"]
[Round "8.74"]
[White "Parkhov, Yair"]
[Black "Poulopoulos, Ioannis"]
[Result "1/2-1/2"]
[WhiteTitle "FM"]
[WhiteElo "2407"]
[BlackElo "2252"]
[WhiteFideId "2813408"]
[BlackFideId "4218078"]
[EventDate "2017.07.21"]

1. Nf3 Nf6 2. g3 d5 3. Bg2 c6 4. O-O Bg4 5. d3 Nbd7 6. h3 Bh5 7. Qe1 e5 8. e4
dxe4 9. dxe4 Be7 10. Nbd2 O-O 11. Nc4 Qc7 12. a4 Rfe8 13. Nh4 Bf8 14. b3 Nc5 15.
Bb2 Nfd7 16. Bf3 Bxf3 17. Nxf3 a5 18. Bc3 b6 19. Kg2 Rad8 20. Qe2 f6 21. Rfd1
Ne6 22. h4 Bc5 23. h5 Ndf8 24. Rxd8 Rxd8 25. Ne3 Bxe3 26. Qxe3 c5 27. Qe2 Nd4
28. Qc4+ Qf7 29. Bxd4 Qxc4 30. bxc4 cxd4 31. Rb1 Nd7 32. Nd2 Rc8 33. Kf3 Rc6 34.
Ke2 Kf7 35. f4 Ke6 36. f5+ Kf7 37. Ra1 Nc5 38. Ra3 g6 39. hxg6+ hxg6 40. fxg6+
Kxg6 41. Kf3 Rc7 42. Ra1 Rh7 43. Kg2 Rh8 44. g4 Kf7 45. Ra3 Ke6 46. Ra1 Kd6 47.
Kg3 Kc6 48. Rf1 Rh6 49. Rf5 Kd6 50. g5 fxg5 51. Rxg5 Re6 52. Rg8 Nxa4 53. Kg4
Nc5 54. Kf5 Nd7 55. c5+ Nxc5 56. Nc4+ Kc7 57. Nxe5 a4 1/2-1/2

[Event "28th Czech Open A 2017"]
[Site "Pardubice CZE"]
[Date "2017.07.28"]
[Round "8.75"]
[White "Dowgird, Filip"]
[Black "Potapov, Alexander1"]
[Result "1-0"]
[BlackTitle "GM"]
[WhiteElo "2242"]
[BlackElo "2402"]
[WhiteFideId "1121235"]
[BlackFideId "4115074"]
[EventDate "2017.07.21"]

1. g3 f5 2. Bg2 Nf6 3. c4 e5 4. Nc3 Nc6 5. d3 d6 6. Nf3 g6 7. O-O Bg7 8. Rb1 a5
9. a3 O-O 10. b4 axb4 11. axb4 Kh8 12. Bg5 h6 13. Bxf6 Qxf6 14. Nd5 Qf7 15. b5
Nd8 16. Nd2 f4 17. Ne4 Ne6 18. b6 Ra6 19. Nxc7 Nxc7 20. Nxd6 Qd7 21. Nxc8 Na8
22. Na7 Nxb6 23. Be4 Qe6 24. Nb5 Rf7 25. Nc3 Bf8 26. Rb5 Rc7 27. Nd5 Nxd5 28.
Bxd5 Qd7 29. Qb3 Bc5 30. Rxb7 Rxb7 31. Qxb7 Qxb7 32. Bxb7 Ra2 33. Bf3 g5 34. Kg2
Rc2 35. Kh3 e4 36. Bxe4 Rxe2 37. gxf4 Bxf2 38. fxg5 hxg5 39. Kg4 Kg7 40. Kf3 1-0

[Event "28th Czech Open A 2017"]
[Site "Pardubice CZE"]
[Date "2017.07.28"]
[Round "8.76"]
[White "Citra, Dewi Ardhiani Anastasia"]
[Black "Zvara, Petr"]
[Result "1-0"]
[WhiteTitle "WFM"]
[BlackTitle "IM"]
[WhiteElo "2227"]
[BlackElo "2370"]
[WhiteFideId "7101244"]
[BlackFideId "304000"]
[EventDate "2017.07.21"]

1. e4 e5 2. Nf3 Nc6 3. Nc3 Nf6 4. Nxe5 Nxe5 5. d4 Nc6 6. d5 Bb4 7. dxc6 bxc6 8.
Bd2 O-O 9. Bd3 Re8 10. O-O d5 11. Nxd5 Nxd5 12. exd5 Bxd2 13. Qxd2 cxd5 14. Rae1
Rxe1 15. Rxe1 Be6 16. Qf4 c5 17. c4 d4 18. h4 Rc8 19. h5 Qf6 20. Qxf6 gxf6 21.
h6 Kf8 22. b3 Ke7 23. g4 Kd6 24. f3 Bd7 25. Kf2 Rg8 26. Rh1 f5 27. Rh5 fxg4 28.
Bxh7 Rh8 29. Bd3 gxf3 30. Kxf3 f6 31. h7 Be8 32. Rd5+ 1-0

[Event "28th Czech Open A 2017"]
[Site "Pardubice CZE"]
[Date "2017.07.28"]
[Round "8.77"]
[White "Heidrich, Manfred"]
[Black "Mammadova, Narmin"]
[Result "1-0"]
[WhiteTitle "FM"]
[BlackTitle "WIM"]
[WhiteElo "2366"]
[BlackElo "2234"]
[WhiteFideId "4602722"]
[BlackFideId "13403710"]
[EventDate "2017.07.21"]

1. f4 d5 2. Nf3 Nf6 3. g3 g6 4. Bg2 Bg7 5. O-O O-O 6. d3 c6 7. Qe1 Qb6+ 8. e3 a5
9. Nc3 Na6 10. Kh1 Qc7 11. Bd2 b5 12. e4 b4 13. Na4 dxe4 14. dxe4 Bd7 15. Ne5
Be8 16. b3 c5 17. Nb2 Bb5 18. Nec4 Bc6 19. Qe2 Nd7 20. a4 Bb7 21. Rad1 Nab8 22.
e5 Bxg2+ 23. Qxg2 Ra6 24. Qe4 Rc8 25. Be3 Rf8 26. Rd2 f6 27. Rfd1 fxe5 28. Rxd7
Nxd7 29. Qd5+ e6 30. Qxd7 Qxd7 31. Rxd7 exf4 32. gxf4 g5 33. fxg5 Rf5 34. Nd3
Rd5 35. Rc7 Bd4 36. Bf4 Rf5 37. h4 Ra8 38. Kg2 Raf8 39. Kg3 e5 40. Bxe5 Rf3+ 41.
Kg4 Bxe5 42. Ncxe5 Rf1 43. Rxc5 Rg1+ 44. Kh5 Rh1 45. Rc7 Re8 46. Ng4 1-0